000 00767nam a2200289Ia 4500
001 19080
005 20240113235914.0
007 ta
008 060201s1942 a g b000 u 465 u
040 _aCotton College Assam
041 _a465
082 _a327.942
_bG 59 St
100 _aGooch, G.P..
245 0 _aStudies in Diplomacy and Statecraft /
_cG.P.Gooch.
_hTextual Documents
250 _a1st ed. /
260 _aNew York :
_bLongmans Green & Co ,
_c1942.
300 _a372p. :
_bill ;
_c22cm .
653 _aDiplomacy
653 _aForeign Policy-British
653 _aStatecraft
653 _aG-Political Science
653 _aT/G-Political Science
942 _2ddc
_cBK
999 _c19062
_d19062